[Event "Warsaw YMCA Summer-C 189th"]
[Site "Warsaw"]
[Date "2017.08.04"]
[Round "4"]
[White "Oles, Jan"]
[Black "Sloniewski, Krzysztof"]
[Result "1-0"]
[WhiteElo "1254"]
[BlackElo "1103"]
[PlyCount "65"]
[EventDate "2017.07.04"]
[EventType "tourn"]
[EventRounds "10"]
[EventCountry "POL"]
[SourceTitle "EXT 2019"]
[Source "ChessBase"]
[SourceDate "2018.10.10"]
[SourceVersion "1"]
[SourceVersionDate "2018.10.10"]
[SourceQuality "1"]

1. c4 e6 2. d4 Nf6 3. Nc3 d5 4. c5 Be7 5. b4 b6 6. Bf4 Bd7 7. e3 0-0 8. Bb5 c6 9. Bd3 a5 10. Na4 axb4 11. Nxb6 Ra7 12. Qb3 Be8 13. Qxb4 Nbd7 14. Nf3 Rb7 15. Qa4 Nxb6 16. cxb6 Rxb6 17. 0-0 c5 18. Qa7 Rc6 19. Rfb1 c4 20. Rb8 Qd7 21. Rb7 Qd8 22. Bxh7+ Kxh7 23. Rxe7 Nd7 24. Qa3 c3 25. e4 dxe4 26. Ng5+ Kg6 27. Nxe4 c2 28. Qg3+ Kf5 29. Nd6+ Rxd6 30. Bxd6 Nf6 31. Re1 Nd7 32. Qxg7 Qa5 33. g4# 1-0

[Event "Warsaw YMCA Summer-C 189th"]
[Site "Warsaw"]
[Date "2017.07.05"]
[Round "6"]
[White "Szopa, Andrzej"]
[Black "Sloniewski, Krzysztof"]
[Result "0-1"]
[WhiteElo "1079"]
[BlackElo "1103"]
[PlyCount "34"]
[EventDate "2017.07.04"]
[EventType "tourn"]
[EventRounds "10"]
[EventCountry "POL"]
[SourceTitle "EXT 2019"]
[Source "ChessBase"]
[SourceDate "2018.10.10"]
[SourceVersion "1"]
[SourceVersionDate "2018.10.10"]
[SourceQuality "1"]

1. c4 e5 2. Nc3 Nf6 3. g3 Be7 4. Bg2 0-0 5. e3 c6 6. Nge2 d5 7. cxd5 cxd5 8. Qb3 e4 9. f3 Nbd7 10. Nxd5 Nc5 11. Nxf6+ Bxf6 12. Qc2 Nd3+ 13. Kf1 exf3 14. Bxf3 Bh3+ 15. Kg1 Rb8 16. Nf4 Nxf4 17. exf4 Bd4# 0-1

[Event "Warsaw YMCA Summer-C 189th"]
[Site "Warsaw"]
[Date "2017.07.04"]
[Round "1"]
[White "Sloniewski, Krzysztof"]
[Black "Szopa, Andrzej"]
[Result "1-0"]
[WhiteElo "1103"]
[BlackElo "1079"]
[PlyCount "55"]
[EventDate "2017.07.04"]
[EventType "tourn"]
[EventRounds "10"]
[EventCountry "POL"]
[SourceTitle "EXT 2019"]
[Source "ChessBase"]
[SourceDate "2018.10.10"]
[SourceVersion "1"]
[SourceVersionDate "2018.10.10"]
[SourceQuality "1"]

1. e4 e5 2. Nf3 Nc6 3. d4 exd4 4. Nxd4 Nxd4 5. Qxd4 Qf6 6. Be3 Bd6 7. Nc3 Be5 8. Qc4 Bxc3+ 9. bxc3 c6 10. Be2 Ne7 11. 0-0 0-0 12. f4 d5 13. e5 Qe6 14. Qb3 Nf5 15. Bf2 f6 16. exf6 Qxe2 17. fxg7 Kxg7 18. Rfe1 Qg4 19. Qb4 b6 20. h3 Qg6 21. g4 Nh6 22. Re7+ Rf7 23. Bd4+ Qf6 24. Bxf6+ Kxf6 25. g5+ Kg6 26. Qd6+ Kg7 27. Qxh6+ Kg8 28. Re8+ 1-0